Finding New and Effective Ways in Holding Successful Presentations

Prezentácia ako neoddeliteľná súčasť seminárov, workshopov, konferencií. Poukázanie na spôsoby a metódy tvorby úspešnej prezentácie.

Gespeichert in:
Bibliographische Detailangaben
1. Verfasser: Strelinger, Ján, 1964-
Format: Buchkapitel
Sprache:Englisch
Schlagworte:
Tags: Tag hinzufügen
Keine Tags, Fügen Sie das erste Tag hinzu!

MARC

LEADER 00000naa$a2200000$$$4500
001 0258947
005 20240502074109.8
041 0 |a eng 
044 |a SK 
245 1 0 |a Finding New and Effective Ways in Holding Successful Presentations  |c Ján Strelinger 
520 |a Prezentácia ako neoddeliteľná súčasť seminárov, workshopov, konferencií. Poukázanie na spôsoby a metódy tvorby úspešnej prezentácie. 
610 2 0 |a jazyk materinský 
610 2 0 |a jazyky cudzie 
610 2 0 |a prezentácia 
610 2 0 |a študenti 
610 2 0 |a psychológia 
100 1 |a Strelinger, Ján, 1964-